[Event "Julian Mazur Memorial"]
[Site "Wellington Chess Club"]
[Date "2018.08.23"]
[Round "6.5"]
[White "Sellen, Ian"]
[Black "Winfield, Alan"]
[Result "1/2-1/2"]
[WhiteElo "2041"]
[BlackElo "1957"]

1. c4 e6 2. d4 f5 3. Nc3 Nf6 4. g3 g6 5. Bg2 Bg7 6. Nf3 O-O 7. O-O d6 8. Re1
Ne4 9. e3 Nxc3 10. bxc3 e5 11. a4 a5 12. Qb3 Kh8 13. Ba3 e4 14. Nd2 Nd7 15. f3
exf3 16. Bxf3 Qg5 17. Bc1 Qf6 18. Bg2 h5 19. Qd1 Nb6 20. Qe2 Rb8 21. e4 Re8 22.
Rf1 Bd7 23. Qd1 Qf7 24. Qb3 Qe7 25. Nf3 fxe4 26. Ng5 e3 27. Ne4 Bf5 28. c5 Be6
29. cxd6 Bxb3 30. dxe7 Rxe7 31. Nc5 Bc4 32. Re1 Bh6 33. Be4 Kg7 34. Bd3 Bxd3
35. Nxd3 Nc4 36. Ra2 Rf8 37. Rae2 Ref7 38. Ne5 {Draw agreed} 1/2-1/2

[Event "Julian Mazur Memorial"]
[Site "Wellington Chess Club"]
[Date "2018.08.23"]
[Round "6.6"]
[White "Forster, Bill"]
[Black "Aldridge, Alan"]
[Result "1/2-1/2"]
[WhiteElo "2045"]
[BlackElo "1892"]

1. d4 Nf6 2. c4 e6 3. Nc3 Bb4 4. Qc2 d5 5. a3 Bxc3+ 6. Qxc3 h6 7. e3 O-O 8. Nf3
Nbd7 9. b3 b6 10. Bb2 c5 11. dxc5 bxc5 12. Be2 Bb7 13. O-O dxc4 14. Bxc4 Nb6
15. Be2 Rc8 16. Rfd1 Qc7 17. Rac1 Rfd8 18. Qa5 Rxd1+ 19. Bxd1 Ne4 20. Be2 Bd5
21. Be5 Qe7 22. b4 cxb4 23. Rxc8+ Nxc8 24. Qxb4 Qxb4 25. axb4 Bb7 26. Nd4 Nc3
27. Bc4 Nd5 28. Nc2 a6 29. f3 Nce7 30. e4 Nb6 31. Bb3 Nc6 32. Bd6 Nc8 33. Bc5
N8a7 34. Kf2 Nb5 35. Ke3 Bc8 36. Ba4 Bd7 37. Bb3 a5 38. bxa5 1/2-1/2

[Event "Julian Mazur Memorial"]
[Site "Wellington Chess Club"]
[Date "2018.08.23"]
[Round "6.7"]
[White "Brockway, Andrew"]
[Black "Jackson, Ross"]
[Result "0-1"]
[WhiteElo "1867"]
[BlackElo "1945"]

1. e4 c5 2. Nc3 a6 3. f4 b5 4. Nf3 Bb7 5. d3 e6 6. g3 d5 7. Bg2 b4 8. Na4 Bc6
9. b3 (9. exd5 Bxa4 10. dxe6 fxe6 11. Ng5) 9... dxe4 10. dxe4 Qxd1+ 11. Kxd1
Bxe4 12. Re1 Nf6 13. Bb2 (13. Rxe4 Nxe4 14. Ng5 f5 15. Nxe6) 13... Nbd7 14. Re2
Rd8 15. Ke1 Be7 16. Rd1 Bd5 17. f5 O-O 18. c4 bxc3 19. Nxc3 Rfe8 20. fxe6 Bxe6
21. Ne5 Nxe5 22. Rxd8 Rxd8 23. Rxe5 Bd6 24. Re2 c4 25. bxc4 Bxc4 26. Rd2 Re8+
27. Kd1 Bc7 28. Nd5 Nxd5 29. Bxd5 Bxd5 30. Rxd5 f6 31. Rc5 Be5 32. Bxe5 Rxe5
33. Rc7 Ra5 34. Rc2 Kf7 35. Re2 h5 36. Kc1 g5 37. Kd1 Ra4 38. Rf2 h4 39. gxh4
Rxh4 40. Ke1 Ra4 41. Re2 g4 42. Kf1 f5 43. Kg1 Kf6 44. Kh1 Ra3 45. Rb2 f4 46.
Kg2 Kf5 47. Kg1 a5 48. Kf2 Rh3 49. Kg2 Ke4 50. Re2+ Kf5 51. Rb2 Ra3 52. Kf2
Rf3+ 53. Kg1 Rc3 54. Re2 Rc1+ 55. Kf2 Rh1 56. Re8 Rxh2+ 57. Kg1 Rxa2 58. Rc8 g3
0-1

[Event "Julian Mazur Memorial"]
[Site "Wellington Chess Club"]
[Date "2018.08.23"]
[Round "6.8"]
[White "Rossiter, Philip"]
[Black "Darr, Samuel"]
[Result "1-0"]
[WhiteElo "1947"]
[BlackElo "1481"]

1. c4 c5 2. Nf3 e6 3. g3 d5 4. cxd5 exd5 5. Bg2 Nf6 6. O-O Bd6 7. d4 c4 8. Nc3
a6 9. Bg5 Nbd7 10. Nxd5 h6 11. Nxf6+ Nxf6 12. Bxf6 Qxf6 13. e4 Bb8 14. e5 Qb6
15. Qd2 O-O 16. Rac1 Be6 17. d5 Rd8 18. d6 Ba7 19. Rfd1 Rac8 20. Qd4 c3 21.
Qxb6 Bxb6 22. Rxc3 Rxc3 23. bxc3 Bxa2 24. Nd4 Bxd4 25. Rxd4 Rd7 26. Bxb7 a5 27.
Bc6 Rd8 28. Ra4 Be6 29. Rxa5 1-0

[Event "Julian Mazur Memorial"]
[Site "Wellington Chess Club"]
[Date "2018.08.23"]
[Round "6.9"]
[White "He, Caleb"]
[Black "Farrington, Lawrence"]
[Result "1-0"]
[WhiteElo "1823"]
[BlackElo "1763"]

1. e4 e6 2. d4 d5 3. Nc3 Bb4 4. a3 Bxc3+ 5. bxc3 c5 6. e5 Qc7 7. f4 cxd4 8.
Qxd4 Ne7 9. Bd2 b6 10. Nf3 Ba6 11. Bxa6 Nxa6 12. Qa4+ Qd7 13. Qxa6 O-O 14. Qd3
h6 15. O-O Rfd8 16. Nd4 Rac8 17. Kh1 Nc6 18. Nxc6 Qxc6 19. Qd4 Qd7 20. Rab1 Rc4
21. Qe3 Qa4 22. Rb3 Rdc8 23. Rc1 Re4 24. Qf3 Rcc4 25. g3 Qa6 26. Qd3 Qb7 27.
Kg1 Qc6 28. Re1 Qc5+ 29. Kg2 Rxe1 30. Bxe1 Ra4 31. Qb5 Qxb5 32. Rxb5 Rxa3 33.
Rb2 Kf8 34. Kf1 Ra4 35. Ke2 Ke7 36. Kd3 Kd7 37. Rb1 Kc6 38. Bf2 b5 39. Bd4 a6
40. Kd2 Kb7 41. Kc1 Rc4 42. Rb4 Rc8 43. Kd2 g6 44. Ke3 Rg8 45. g4 g5 46. f5 Kc6
47. Rb1 a5 48. Kf3 a4 49. Be3 a3 50. Ra1 Ra8 51. Ke2 a2 52. f6 Ra4 53. h3 Ra3
54. Bd4 Ra4 55. Kd2 Kd7 56. Kc1 b4 57. cxb4 Rxb4 58. c3 Ra4 59. Kb2 Ra8 60.
Rxa2 Rb8+ 61. Kc2 Kc6 62. Ra3 Rh8 63. Ra6+ Kb5 64. Rb6+ Ka5 65. Rb7 Rh7 66. Bc5
h5 67. gxh5 Rxh5 68. Rxf7 Rxh3 69. Rg7 Kb5 70. Bd6 Kc4 71. Rc7+ Kb5 72. f7 Rh8
73. f8=Q Rxf8 74. Bxf8 d4 75. cxd4 g4 76. Rg7 Kc4 77. Rxg4 Kd5 78. Kc3 Kc6 79.
Kc4 Kd7 80. Rg6 Ke8 81. Rxe6+ Kxf8 82. d5 Kf7 83. Kc5 Kf8 84. d6 Kf7 1-0

[Event "Julian Mazur Memorial"]
[Site "Wellington Chess Club"]
[Date "2018.08.23"]
[Round "6.10"]
[White "Stannard, Bobby"]
[Black "Hall, Nathan"]
[Result "0-1"]
[WhiteElo "1298"]
[BlackElo "1863"]

1. e4 e6 2. d4 d5 3. e5 c5 4. Nf3 Nc6 5. Bb5 Qb6 6. Bxc6+ bxc6 7. b3 cxd4 8.
Qxd4 Bc5 9. Qd2 Ba6 10. a3 Nh6 11. Qf4 Bxf2+ 12. Kd1 Nf5 13. a4 d4 14. g4 Ne3+
15. Kd2 Qb4+ 16. c3 dxc3+ 17. Nxc3 O-O-O+ 18. Nd4 Qxd4+ 19. Qxd4 Rxd4# 0-1

[Event "Julian Mazur Memorial"]
[Site "Wellington Chess Club"]
[Date "2018.08.23"]
[Round "6.12"]
[White "Ashe, Michael"]
[Black "Zhao, Aiden"]
[Result "1-0"]
[WhiteElo "1623"]
[BlackElo "1236"]

1. d4 d5 2. c4 Nf6 3. cxd5 Nxd5 4. e4 Nf6 5. Nc3 Nc6 6. Nf3 Bg4 7. Be3 Bxf3 8.
gxf3 e5 9. Bb5 a6 10. Bxc6+ bxc6 11. dxe5 Bb4 12. exf6 Bxc3+ 13. bxc3 Qxf6 14.
Bd4 Qd6 15. Bxg7 Qxd1+ 16. Rxd1 Rg8 17. Be5 Rc8 18. Ke2 Ke7 19. Rhg1 Ke6 20.
Rxg8 Rxg8 21. Bxc7 Rg2 22. Bg3 1-0

[Event "Julian Mazur Memorial"]
[Site "Wellington Chess Club"]
[Date "2018.08.23"]
[Round "6.13"]
[White "Stannard, Lars"]
[Black "Frater, Dylan"]
[Result "1/2-1/2"]
[WhiteElo "1409"]
[BlackElo "1509"]

1. e4 e5 2. Nc3 Nc6 3. Nf3 Bc5 4. Bb5 d6 5. d4 exd4 6. Nxd4 Bd7 7. Bxc6 Bxc6 8.
Nxc6 bxc6 9. O-O Ne7 10. Qf3 O-O 11. Be3 Bb6 12. Rad1 Qc8 13. Qg3 Ng6 14. b4 f5
15. exf5 Qxf5 16. Bxb6 axb6 17. Qd3 Ne5 18. Qxf5 Rxf5 19. Ra1 d5 20. Ne2 Raf8
21. h3 Nc4 22. Rad1 Nb2 23. Ra1 Nc4 24. Rad1 R5f6 25. a4 Nb2 26. Ra1 Nc4 27.
Rad1 {Draw agreed} 1/2-1/2

[Event "Julian Mazur Memorial"]
[Site "Wellington Chess Club"]
[Date "2018.08.23"]
[Round "6.14"]
[White "Kibblewhite, Daniel"]
[Black "Asher, Bruce"]
[Result "1-0"]
[WhiteElo "1468"]
[BlackElo "1256"]

1. d4 d5 2. c4 Nf6 3. cxd5 Bf5 4. Nc3 Nxd5 5. Nf3 Nxc3 6. bxc3 e6 7. Bf4 Bd6 8.
Qc1 Bxf4 9. Qxf4 c5 10. e4 Qa5 11. Rc1 Bg6 12. Bc4 b5 13. Rb1 Qxc3+ 14. Nd2 a6
15. dxc5 O-O 16. Bb3 Nc6 17. O-O Rad8 18. Nf3 Nd4 19. Nxd4 Qxd4 20. Rbc1 Bxe4
21. Rfd1 e5 22. Rxd4 exf4 23. Rxe4 g5 24. c6 a5 25. Re5 Rd2 26. Rxg5+ Kh8 27.
c7 a4 28. c8=Q Rdd8 29. Qc3+ f6 30. Bd5 Rc8 31. Qxc8 1-0

[Event "Julian Mazur Memorial"]
[Site "Wellington Chess Club"]
[Date "2018.08.30"]
[Round "7.1"]
[White "Ker, Anthony"]
[Black "Croad, Nicolas"]
[Result "1/2-1/2"]
[WhiteElo "2485"]
[BlackElo "2431"]

1. e4 e5 2. Nf3 Nc6 3. Bc4 Bc5 4. c3 Nf6 5. d4 exd4 6. cxd4 Bb4+ 7. Nbd2 Nxe4
8. d5 Bxd2+ 9. Bxd2 Ne7 10. Bb4 d6 11. Qd4 Nf6 12. O-O O-O 13. Rfe1 Bg4 14. Ng5
Bf5 15. Re2 h6 16. Nf3 Bg4 17. Rae1 Nexd5 18. Bxd5 c5 19. Qd2 Nxd5 20. Qxd5
cxb4 21. Qxb7 Qf6 22. Qxb4 Bxf3 23. gxf3 Rab8 24. Qa3 Rb5 25. Kh1 Rf5 26. Re3
Rh5 27. Re4 g6 28. R1e3 Rc8 29. Re8+ Rxe8 30. Rxe8+ Kh7 31. Qc3 Qxc3 32. bxc3
Ra5 33. Re2 Kg7 34. Kg2 Kf6 35. f4 Ra3 36. Rc2 Kf5 37. Kg3 d5 38. f3 Ra4 39.
Re2 Rxf4 40. Re7 Ra4 41. Rxf7+ Ke6 42. Rg7 Kf6 43. Rd7 Ke6 44. Rg7 Kf6 45. Rd7
Ke6 {Draw agreed} 1/2-1/2

[Event "Julian Mazur Memorial"]
[Site "Wellington Chess Club"]
[Date "2018.08.30"]
[Round "7.2"]
[White "Dive, Russell"]
[Black "Winter, Ryan"]
[Result "1-0"]
[WhiteElo "2425"]
[BlackElo "2129"]

1. Nf3 Nf6 2. c4 c6 3. b3 d5 4. Bb2 Bg4 5. d3 e6 6. Nbd2 Nbd7 7. h3 Bh5 8. g4
Bg6 9. Bg2 Be7 10. O-O O-O 11. Nh4 Ne8 12. Nxg6 hxg6 13. d4 Ndf6 14. g5 Nh5 15.
h4 f6 16. e3 fxg5 17. hxg5 Nc7 18. Qg4 Bxg5 19. f4 Be7 20. Qxg6 Qe8 21. Qg4 Nf6
22. Qe2 Qg6 23. Rac1 Rae8 24. Rf3 Na6 25. Kh1 Kf7 26. Rh3 Nb4 27. Nf3 Bd6 28.
Ba3 a5 29. Bxb4 axb4 30. Rg1 Rh8 31. Ng5+ Ke7 32. c5 Bb8 33. Qe1 Ne4 34. Bxe4
Rxh3+ 35. Nxh3 Qxe4+ 36. Kh2 Rh8 37. Rxg7+ Kf8 38. Qg3 Qf5 $4 (38... Rxh3+ $1
$19) 39. Rxb7 Bxf4 40. exf4 1-0

[Event "Julian Mazur Memorial"]
[Site "Wellington Chess Club"]
[Date "2018.08.30"]
[Round "7.3"]
[White "Stone, Andrew"]
[Black "Nijman, Brian"]
[Result "0-1"]
[WhiteElo "2087"]
[BlackElo "2162"]

1. e4 g6 2. d4 Bg7 3. Nc3 a6 4. Be3 d6 5. Qd2 Nf6 6. f3 b5 7. O-O-O Be6 8. Kb1
O-O 9. h4 Qc8 10. Nge2 Bc4 11. h5 b4 12. Nd5 Bxd5 13. exd5 Nxd5 14. Bh6 Qe6 15.
Rh4 Qf6 16. g3 Bxh6 17. Qxh6 g5 18. Qxf6 Nxf6 19. Rh1 h6 20. f4 g4 21. Bg2 Ra7
22. d5 Nbd7 23. Nd4 Kh7 24. Rde1 Nb6 25. Nc6 Rb7 26. Rh4 Nbxd5 27. Bxd5 Nxd5
28. Rxg4 e6 29. Rh4 Rb5 30. Nd4 Rc5 31. Kc1 Rg8 32. Ne2 Ne3 33. Rhh1 Nxc2 34.
Reg1 Nd4+ 35. Kd2 Rc2+ 36. Kd3 Nxe2 37. Kxc2 Nxg1 38. Rxg1 c5 39. g4 d5 40. Kd3
f6 41. b3 e5 42. fxe5 fxe5 43. Rf1 Rxg4 44. Rf7+ Rg7 45. Rf5 Re7 0-1

[Event "Julian Mazur Memorial"]
[Site "Wellington Chess Club"]
[Date "2018.08.30"]
[Round "7.4"]
[White "Jackson, Ross"]
[Black "Benitez, Edgar"]
[Result "0-1"]
[WhiteElo "1945"]
[BlackElo "2006"]

1. d4 g6 2. e4 Bg7 3. Nc3 d6 4. Be3 a6 5. Qd2 b5 6. Nf3 Bb7 7. a3 Nd7 8. Be2
Rc8 9. O-O e6 10. Bg5 Ne7 11. Bh6 O-O 12. Bxg7 Kxg7 13. Ng5 h6 14. Nf3 Nf6 15.
Qe3 c5 16. dxc5 dxc5 17. Rad1 Qc7 18. Nd2 Rfd8 19. Bf3 Qe5 20. Be2 Qc7 21. Bd3
Rd7 22. h3 Rcd8 23. Nf3 b4 24. axb4 cxb4 25. e5 Nfd5 26. Nxd5 Nxd5 27. Qc1 Ne7
28. Qf4 Bxf3 29. gxf3 b3 30. Rc1 Nd5 31. Qe4 Qb6 32. c3 a5 33. Bc4 Ne7 34. Rfe1
Rd2 35. Re2 Nf5 36. Rce1 Ng3 37. Qh4 Nxe2+ 38. Bxe2 Rxb2 39. Qf6+ Kg8 40. Qh4
Rdd2 41. Qc4 Rxe2 0-1

[Event "Julian Mazur Memorial"]
[Site "Wellington Chess Club"]
[Date "2018.08.30"]
[Round "7.6"]
[White "He, Caleb"]
[Black "Sellen, Ian"]
[Result "1/2-1/2"]
[WhiteElo "1823"]
[BlackElo "2041"]

1. e4 e6 2. d4 d5 3. Nc3 Nf6 4. e5 Nfd7 5. f4 c5 6. Nf3 Nc6 7. Be3 a6 8. Qd2 b5
9. dxc5 Bxc5 10. Bd3 d4 11. Nxd4 Nxd4 12. Be4 Nxc2+ 13. Bxc2 Qb6 14. Bf2 Bb7
15. O-O Rd8 16. Bxc5 Nxc5 17. Qe3 O-O 18. Rad1 b4 19. Ne4 Bxe4 20. Bxe4 Na4 21.
Qxb6 Nxb6 22. Rd6 Rxd6 23. exd6 Rd8 24. Rd1 Kf8 25. Kf2 Nc4 26. d7 a5 27. Bc6
Ke7 28. Bb5 Nd6 29. Bc6 Nc4 30. Bb5 {Draw agreed} 1/2-1/2

[Event "Julian Mazur Memorial"]
[Site "Wellington Chess Club"]
[Date "2018.08.30"]
[Round "7.7"]
[White "He, Paul"]
[Black "Forster, Bill"]
[Result "0-1"]
[WhiteElo "1507"]
[BlackElo "2011"]

1. e4 d6 2. d4 Nf6 3. Nc3 c6 4. Bd3 e5 5. dxe5 dxe5 {Black has equalised
easily, but White holds the balance easily until his mistake on move 22.} 6.
Bg5 Be7 7. Nf3 Qc7 8. h3 Be6 9. O-O Nbd7 10. Be3 h6 11. Qe2 O-O 12. Rfd1 Bc5
13. a3 Bxe3 14. Qxe3 Rfe8 15. b4 a6 16. Na4 b5 17. Nc5 Nxc5 18. Qxc5 Nd7 19.
Qe3 c5 20. Be2 c4 21. Rd2 Nb6 {I nearly rejected this because I saw the
plausible tactic that Paul actually played, before realising that it wasn't
actually possible. In that respect I suppose I was setting a trap} 22. Nxe5 $4
( {My main idea was} 22. Rad1 Na4 23. Rd6 $2 Nb2 24. R1d2 c3 {winning} ) 22...
Qxe5 23. Rad1 { }  ( {Paul almost followed through with} 23. Qxb6 {before
realising his idea was wrong} 23... Qxa1+) 23... Qc7 24. Rd6 Nd7 25. Bf3 Ne5 (
25... Ne5 26. Be2 Red8 {and lots of wood comes off. Paul was clearly struggling
with the late hour even before losing his piece, and I think resigning at this
point was a very sensible and mature decision for someone so very young (and
clearly very talented)} ) 0-1

[Event "Julian Mazur Memorial"]
[Site "Wellington Chess Club"]
[Date "2018.08.30"]
[Round "7.8"]
[White "Aldridge, Alan"]
[Black "Rossiter, Philip"]
[Result "0-1"]
[WhiteElo "1892"]
[BlackElo "1947"]

1. b3 c5 2. Bb2 Nc6 3. e3 d5 4. Nf3 Nf6 5. Bb5 Bd7 6. O-O e6 7. d3 Qc7 8. Nbd2
Bd6 9. c4 Ne5 10. Bxd7+ Nfxd7 11. cxd5 exd5 12. d4 Nxf3+ 13. Nxf3 c4 14. bxc4
dxc4 15. Qc2 O-O 16. a4 a6 17. h3 b5 18. Rfc1 Rfc8 19. Ng5 Nf6 20. Rab1 Qe7 21.
axb5 axb5 22. d5 Be5 23. e4 h6 24. Nf3 Bxb2 25. Rxb2 b4 26. Nd4 b3 27. Qe2 Qa3
28. Nc6 Nxe4 29. Rxc4 Re8 30. Rxe4 Rxe4 31. Qxe4 Qxb2 32. d6 Ra1+ 33. Kh2 Qxf2
$2 34. Nd8 $2 (34. d7 Qd2 35. Ne7+ Kh8 36. Qb4 $1 Qxb4 $2 37. d8=Q+ Kh7 38.
Qg8#) 34... Re1 35. Qg4 Qg1+ 36. Kg3 Re3+ 37. Kh4 Qe1+ 0-1

[Event "Julian Mazur Memorial"]
[Site "Wellington Chess Club"]
[Date "2018.08.30"]
[Round "7.9"]
[White "Winfield, Alan"]
[Black "Ashe, Michael"]
[Result "1-0"]
[WhiteElo "1957"]
[BlackElo "1623"]

1. d4 e6 2. Bf4 d5 3. e3 Nf6 4. c3 Be7 5. Nf3 O-O 6. Bd3 Nbd7 7. Nbd2 c5 8. Ne5
Nxe5 9. dxe5 Nd7 10. h4 f5 11. exf6 Nxf6 12. Nf3 Bd6 13. Be5 Ng4 14. Bxd6 Qxd6
15. Bxh7+ Kh8 16. Bc2 e5 17. e4 d4 18. Qd2 b6 19. O-O-O Bb7 20. h5 Qh6 21. Kb1
Rae8 22. Rh4 Nf6 23. Qe2 a6 24. Nh2 b5 25. Ng4 Nxg4 26. Rxg4 Rf6 27. c4 Ref8
28. f3 Bc8 29. Rh4 b4 30. Rd3 Rf4 31. Rxf4 Qxf4 32. g4 Qh6 33. Qh2 Rf4 34. Bd1
Be6 35. b3 Bf7 36. Rd2 Kg8 37. Rg2 Qg5 38. Rg1 Qh6 39. Rh1 g6 40. hxg6 Qxh2 41.
gxf7+ Rxf7 42. Rxh2 Rh7 43. Rh5 Rxh5 44. gxh5 Kg7 45. f4 exf4 46. e5 1-0

[Event "Julian Mazur Memorial"]
[Site "Wellington Chess Club"]
[Date "2018.08.30"]
[Round "7.10"]
[White "Laking, Robert"]
[Black "Wevers, Alexis"]
[Result "1-0"]
[WhiteElo "2014"]
[BlackElo "1795"]

1. d4 Nf6 2. c4 e6 3. Nc3 Bb4 4. Bg5 d5 5. Nf3 h6 6. Bxf6 Qxf6 7. e3 O-O 8.
cxd5 Bxc3+ 9. bxc3 exd5 10. h3 c5 11. c4 dxc4 12. Bxc4 Rd8 13. Qc1 cxd4 14.
Nxd4 b6 15. Bd5 Rxd5 16. Qxc8+ Rd8 17. Qg4 Nc6 18. Rd1 Rac8 19. O-O Ne7 20. Rc1
Rc5 21. Rxc5 bxc5 22. Nb3 Qe5 23. Qc4 Nf5 24. Rc1 Rc8 25. Qa6 Rc7 26. Qa5 Qb2
27. Qxc7 1-0

[Event "Julian Mazur Memorial"]
[Site "Wellington Chess Club"]
[Date "2018.08.30"]
[Round "7.11"]
[White "Sole, Michael"]
[Black "Brockway, Andrew"]
[Result "1-0"]
[WhiteElo "1772"]
[BlackElo "1867"]

1. e4 c5 2. Nf3 g6 3. c4 Nc6 4. d4 cxd4 5. Nxd4 Nf6 6. Nc3 d6 7. Be2 Bg7 8. Nc2
O-O 9. O-O Nd7 10. Bd2 a5 11. b3 Nc5 12. f3 Nd4 13. Rc1 Nxc2 14. Qxc2 Bd7 15.
Be3 Bc6 16. Qd2 Nd7 17. Kh1 f5 18. exf5 Rxf5 19. Bd3 Rf7 20. Be4 Nf6 21. Bd5
Bxd5 22. cxd5 Qd7 23. Rfe1 Qf5 24. a4 Rc8 25. Red1 Rff8 26. Bb6 Qh5 27. Qe2
Rxc3 28. Rxc3 Nxd5 29. Qe6+ Kh8 30. Rxd5 Qh6 31. Rc8 Be5 32. Rxf8+ Qxf8 33.
Rxe5 dxe5 34. Qxe5+ Kg8 35. Qe6+ Kg7 36. Bd4+ Kh6 37. Qh3+ Kg5 38. Qg4+ Kh6 39.
Qh4# { 1-0 White wins by checkmate. } 1-0

[Event "Julian Mazur Memorial"]
[Site "Wellington Chess Club"]
[Date "2018.08.30"]
[Round "7.12"]
[White "Hall, Nathan"]
[Black "Farrington, Lawrence"]
[Result "1/2-1/2"]
[WhiteElo "1863"]
[BlackElo "1763"]

1. e4 e6 2. d4 d5 3. Nc3 Bb4 4. e5 c5 5. Nf3 Qc7 6. dxc5 Bxc3+ 7. bxc3 Nc6 8.
Bb5 Bd7 9. Qe2 Nge7 10. Bf4 a6 11. Bxc6 Bxc6 12. Nd4 Qa5 13. Qd3 Rc8 14. Nb3
Qc7 15. a4 Qd7 16. Na5 Qc7 17. Nb3 h6 18. O-O Nf5 19. Nd4 Ne7 20. Nb3 Rb8 21.
Rfe1 Qd7 22. Qd4 O-O 23. Na5 Qc7 24. Nb3 Nf5 25. Qd3 Qd7 26. Nd4 Nxd4 27. Qxd4
Rfd8 1/2-1/2

[Event "Julian Mazur Memorial"]
[Site "Wellington Chess Club"]
[Date "2018.08.30"]
[Round "7.13"]
[White "Heyworth, Nicholas"]
[Black "Rabina, Romeo"]
[Result "1-0"]
[WhiteElo "1368"]
[BlackElo "1695"]

1. e4 b6 2. d4 Bb7 3. Bd3 e6 4. Nc3 Bb4 5. Ne2 Nf6 6. O-O c5 7. f3 cxd4 8. Nxd4
Bc5 9. Be3 e5 10. Nf5 Bxe3+ 11. Nxe3 Qc8 12. Kh1 g6 13. Nc4 Qc5 14. Be2 Qd4 15.
Nd6+ 1-0

[Event "Julian Mazur Memorial"]
[Site "Wellington Chess Club"]
[Date "2018.08.30"]
[Round "7.16"]
[White "Benitez, Rick"]
[Black "Stracy, Don"]
[Result "0-1"]
[WhiteElo "1584"]
[BlackElo "1649"]

1. Nf3 Nf6 2. d4 b6 3. e3 Bb7 4. Nc3 e6 5. a3 c5 6. h3 d5 7. Be2 Be7 8. O-O O-O
9. Bd3 Nc6 10. Bb5 a6 11. Bxc6 Bxc6 12. Ne5 Qc7 13. f4 Rfd8 14. Qf3 Nd7 15. Qh5
Nxe5 16. fxe5 g6 17. Qg4 Bf8 18. Bd2 Bb5 19. Rf2 Rd7 20. h4 Bg7 21. a4 Bc6 22.
Ne2 Rf8 23. Raf1 Qd8 24. b3 b5 25. axb5 Bxb5 26. c3 Bxe2 27. Rxe2 Rb7 28. Rb1
a5 29. Ree1 Qe7 30. g3 Rfb8 31. Ra1 Qc7 32. c4 dxc4 33. Bxa5 Qc6 34. bxc4 Rb2
35. Re2 cxd4 36. exd4 Qxc4 37. Rae1 Rxe2 38. Qxe2 Qxd4+ 39. Kf1 Rb2 40. Qf3
Qc4+ 41. Re2 Qxe2+ 42. Qxe2 Rxe2 43. Kxe2 Bxe5 44. Kf3 0-1

[Event "Julian Mazur Memorial"]
[Site "Wellington Chess Club"]
[Date "2018.08.30"]
[Round "7.17"]
[White "Hurndell, Robert"]
[Black "Asher, Bruce"]
[Result "1-0"]
[WhiteElo "1551"]
[BlackElo "1256"]

1. Nf3 Nf6 2. d4 d5 3. Bg5 h6 4. Bh4 Nc6 5. e3 e6 6. c4 Bb4+ 7. Nbd2 g5 8. Bg3
O-O 9. cxd5 Qxd5 10. Bxc7 Ne4 11. a3 Bxd2+ 12. Nxd2 Bd7 13. f3 Nxd2 14. Qxd2 b6
15. Bg3 Na5 16. Qd3 Nb3 17. Rb1 Rac8 18. Kf2 Nc1 19. Qd1 Nb3 20. Be2 Qa5 21.
Qxb3 Qf5 22. Bd3 Qa5 23. Ke2 Ba4 24. Qb4 Qxb4 25. axb4 Rc6 26. b3 Bb5 27. Bxb5
Rc2+ 28. Kd1 Rxg2 29. Rc1 Rd8 30. Rc2 Rxc2 31. Kxc2 Rc8+ 32. Kd3 Rd8 33. h4 Rd5
34. Bc6 Rf5 35. hxg5 Rxg5 36. Bf4 Rf5 37. Rxh6 Kg7 38. Rh3 Kg8 39. Be5 f6 40.
e4 {Resigns  } 1-0

[Event "Julian Mazur Memorial"]
[Site "Wellington Chess Club"]
[Date "2018.09.06"]
[Round "8.1"]
[White "Benitez, Edgar"]
[Black "Croad, Nicolas"]
[Result "0-1"]
[WhiteElo "2006"]
[BlackElo "2431"]

1. b3 e5 2. Bb2 d6 3. e3 Nf6 4. g3 g6 5. Bg2 Bg7 6. Ne2 O-O 7. O-O c6 8. c4 Bg4
9. f3 Be6 10. Nbc3 Nbd7 11. f4 Re8 12. h3 h5 13. Kh2 d5 14. fxe5 Nxe5 15. Nf4
dxc4 16. Nce2 Nd5 17. Nd4 Bc8 18. Nxd5 cxd5 19. bxc4 Nxc4 20. Bc3 h4 21. Qf3
Qc7 22. Nb5 Qxg3+ 23. Qxg3 hxg3+ 24. Kxg3 Bxc3 25. Nxc3 Nxd2 26. Rfe1 Ne4+ 27.
Bxe4 dxe4 28. Nd5 Re5 29. Red1 Be6 30. Nc7 Rc8 31. Nxe6 Rxe6 32. Rd7 Rc3 33.
Kf4 Rc2 34. Rxb7 Rf2+ 35. Kg4 a6 36. a4 Rg2+ 37. Kf4 Kg7 38. Rc1 Rf2+ 39. Kg4
Rf3 40. Rc3 Kh6 41. Rc5 f5+ 0-1

[Event "Julian Mazur Memorial"]
[Site "Wellington Chess Club"]
[Date "2018.09.06"]
[Round "8.2"]
[White "Nijman, Brian"]
[Black "Dive, Russell"]
[Result "0-1"]
[WhiteElo "2162"]
[BlackElo "2425"]

1. d4 Nf6 2. Bg5 Ne4 3. Bf4 c5 4. f3 Nf6 5. dxc5 Qa5+ 6. Nc3 e6 7. Bd6 Nd5 8.
Qd2 Nxc3 9. e4 Nc6 10. Qxc3 Qxc3+ 11. bxc3 b6 12. Bxf8 Rxf8 13. Bb5 Na5 14.
cxb6 axb6 15. Ne2 Ba6 16. Nd4 Ke7 17. Ke2 Rfc8 18. Kd3 Bxb5+ 19. Nxb5 Rc5 20.
Rhb1 d5 21. e5 Nc4 22. f4 g5 23. Nd6 gxf4 24. Nxc4 dxc4+ 25. Ke4 Raa5 26. Rxb6
Rxe5+ 27. Kxf4 Re2 28. g4 Rxc2 29. Rb7+ Kf6 30. h4 h5 31. Rf1 Kg6 32. Ke4 f6
33. gxh5+ Rxh5 34. Rg1+ Kh6 35. Rb8 Rxh4+ 36. Ke3 Rxc3+ 37. Kd2 Rd3+ 38. Kc2
Rh2+ 39. Kb1 Rd7 40. Rc8 Rh4 41. a4 f5 42. a5 Rg4 43. Re1 Rd6 44. Rc1 Ra6 45.
Rc5 Kg5 46. Kb2 Rd4 47. Rb5 Rd5 0-1

[Event "Julian Mazur Memorial"]
[Site "Wellington Chess Club"]
[Date "2018.09.06"]
[Round "8.3"]
[White "Winter, Ryan"]
[Black "Ker, Anthony"]
[Result "0-1"]
[WhiteElo "2129"]
[BlackElo "2485"]

1. e4 c5 2. Nc3 g6 3. d4 cxd4 4. Qxd4 Nf6 5. e5 Nc6 6. Qf4 Nh5 7. Qe4 d6 8. Nf3
Bg7 9. Bb5 dxe5 10. Nxe5 Bxe5 11. Qxe5 O-O 12. Bxc6 bxc6 13. Bh6 Re8 14. O-O
Qd6 15. Qe3 Nf6 16. h3 Nd5 17. Qd2 Rb8 18. b3 Bf5 19. Rad1 Rbd8 20. Rfe1 Qc7
21. Qd4 e5 22. Qc5 Qb6 23. Qxb6 axb6 24. Ne4 Bxe4 25. Rxe4 f6 26. Be3 Ra8 27.
Rc4 Re6 28. a4 Kf7 29. Rd2 Ke7 30. Rxc6 Rxc6 31. Rxd5 Ra5 32. Rd2 b5 33. Rd5
Rxc2 34. Bb6 Ke6 35. Rd8 Ra6 36. a5 b4 37. Rd1 Rb2 38. Rd3 e4 39. Re3 Kd5 40.
f3 f5 41. fxe4+ fxe4 42. Kh2 Ra8 43. Rg3 Rc2 44. Rg4 Kc6 45. Bd4 e3 46. Bxe3
Rc3 47. Bb6 Rxb3 48. Rc4+ Kb7 49. Rc7+ Ka6 50. Rxh7 Rd3 51. Rg7 b3 52. Rxg6 Kb5
53. Rf6 b2 54. Rf1 Kc4 55. Bc7 Re3 56. Bf4 Rf8 57. Rb1 Re2 58. Be5 Rff2 59.
Bxb2 Rxg2+ 60. Kh1 Rh2+ 61. Kg1 Reg2+ 62. Kf1 Rxb2 63. Kg1 Kb5 64. Ra1 Ka6 65.
Ra3 Rhc2 66. Ra1 Rg2+ 67. Kf1 Rh2 68. Kg1 Rxh3 69. Ra4 Rc3 70. Ra1 0-1

[Event "Julian Mazur Memorial"]
[Site "Wellington Chess Club"]
[Date "2018.09.06"]
[Round "8.4"]
[White "Rossiter, Philip"]
[Black "Nyberg, Michael"]
[Result "0-1"]
[WhiteElo "1947"]
[BlackElo "2114"]

1. e4 e6 2. d3 b6 3. Nd2 Bb7 4. Ngf3 g6 5. g3 Bg7 6. Bg2 Ne7 7. O-O d6 8. Re1
Nd7 9. Nf1 O-O 10. c3 c5 11. h4 Rc8 12. N3h2 Nf6 13. Bg5 h6 14. Bf4 e5 15. Bd2
c4 16. Qc2 cxd3 17. Qxd3 Qd7 18. Rad1 Rfd8 19. Bc1 Qa4 20. Bh3 Rb8 21. Ng4 Nxg4
22. Bxg4 Qxa2 23. Qc2 Bc8 24. Bxc8 Rbxc8 25. Be3 Qc4 26. Ra1 Qc7 27. Kg2 Nc6
28. Qd2 Kh7 29. Nh2 Qd7 30. f3 Na5 31. Rad1 Nc4 32. Qf2 Nxe3+ 33. Rxe3 f5 34.
exf5 gxf5 35. Red3 Rc6 36. Nf1 Qe6 37. Rd5 Rc5 38. Ne3 Rxd5 39. Nxd5 Kh8 40.
Qe2 Rc8 41. Nf4 Qe8 42. Nd5 Rc5 43. Qd2 e4 44. Re1 Qe5 45. Nf4 Kg8 46. fxe4
fxe4 47. Ng6 Qf6 48. Nf4 Qe7 49. Nd5 Qf7 50. Ne3 Qf3+ 51. Kh2 Be5 52. Qg2 Qxg2+
53. Kxg2 d5 54. Rd1 Rb5 55. Rd2 a5 56. Nxd5 a4 57. Ne3 a3 58. bxa3 Bxc3 59. Rd6
Rb2+ 60. Kh3 Rb3 61. Nf5 h5 62. Ne7+ Kf7 63. Nd5 Be5 64. Rxb6 Rxg3+ 65. Kh2
Rd3+ 0-1